000
00281nam a2200121Ia 4500
008
190216s9999||||xx |||||||||||||| ||und||
100
_a
Ramaswamy
245
0
_a
Short Modern Plays
260
_b
Paico Pub.House Ekm
_c
1972
300
_a
123p
650
_a
English Drama
942
_c
BK
999
_c
12525
_d
12525